| 000 | 00998nam a22003137a 4500 | ||
|---|---|---|---|
| 003 | CHAP | ||
| 005 | 20220329141801.0 | ||
| 008 | 971013s1966 r 00010 d | ||
| 010 | _a73780 | ||
| 011 | _a74752 | ||
| 035 | _a84311 | ||
| 040 | _cCHAP | ||
| 082 |
_a658.56 _bG3 |
||
| 100 | 0 | 0 |
_aGarrett, Leonard J. _946945 |
| 245 | _aProduction managemetn analysis | ||
| 260 |
_aNew York, Harcourt : _bBrace, _c1966 |
||
| 300 |
_a748 p. _b: ilus. |
||
| 590 |
_aBATCH-UPD _b10 _c20130110 _lUCH01 _h0347 |
||
| 590 |
_aBATCH-UPD _b10 _c20130110 _lUCH01 _h2059 |
||
| 590 |
_aBATCH-UPD _b10 _c20130410 _lUCH01 _h0020 |
||
| 590 |
_aBATCH-UPD _b10 _c20130914 _lUCH01 _h1532 |
||
| 590 |
_aCONVERSION _b10 _c20130109 _lUCH01 _h1340 |
||
| 650 | 1 | 4 |
_aProducción _xControl de la. _991858 |
| 700 | 0 |
_aSilver, Milton. _9106084 |
|
| 901 | _aBK | ||
| 942 | _cLIBRO | ||
| 949 |
_a658.56 G3 _bBC _cLIBRO _d33724000118345 _eLIBRO _h16082 _i84311 _si |
||
| 949 |
_a658.56 G3 _bBC _cLIBRO _d33724000118667 _eLIBRO _fc.2 _h16288 _i84311 _si |
||
| 999 |
_c73780 _d73780 |
||